000 00683nam a2200289Ia 4500
005 20260324122733.0
008 008 260324s9999 xx 000 0 eng d
020 _a9780203180860
037 _aEBOOK
040 _aCRL
040 _beng
040 _cCRL
041 _2eng
041 _aeng
084 _qCRL
100 _aCengiz Gunes
_91068369
245 4 _aThe Kurdish National Movement in Turkey
245 0 _bFrom Protest to Resistance
260 _bTaylor and Francis
260 _c2012
365 _a
365 _b240
856 _uhttp://www.taylorfrancis.com/books/9780203180860
942 _cEBOOK
999 _c1760585
_d1760585